000 00551nam a22001817a 4500
999 _c186976
_d186976
005 20220324142027.0
010 _aENG-132116
020 _a9788195230686
_c299.00
035 _aEN-115648
037 _bDBAD/PUB
082 _aS
100 _aSharma, Shrey
245 _aThe Sweetest Accident/
_cShrey Sharma
260 _aNoida
_bJitendra Anand Infratech Private Limited
_c2021
270 _a2203, Express Trade Towers-2, Sector-132
_bNoida
_e201304
_mjai3e.wordpress.com
300 _a273p
_bAcknowledgements
_c21cm(pbk)
942 _2ddc
_cEN
_mSHA
_hS